Iterators of Rain World (Sudden Death) - Statistics

General Stats
  • This quiz has been taken 102 times
  • The average score is 9 of 12
Answers on the Grid
Answers color-coded by a green-red scale on the quiz's grid according to % correct below.
Fluttering Bird
Five Pebbles
Seventeen Amber Stones
Incessant Amity
Pleading Intellect
Absolute Warranty
Seven Red Suns
No Significant Harassment
Brook Where Small Fish Swim
Secluded Instinct
Fantasy of Flight
Clouded Borders
Epoch of Clouds
Forest of Rains
Peering through Shaded Smoke
Gazing Stars
Chasing Wind
Four Marbled Roses
Wandering Omen
Sixteen Shaded Vines
Sliver of Straw
Forgotten Revelation
Looks to the Moon
Unparalleled Innocence
Answers to Questions Unknown
 
Answer Stats
Answer % Correct
Five Pebbles
100%
Seven Red Suns
95%
Looks to the Moon
90%
Sliver of Straw
90%
Unparalleled Innocence
83%
No Significant Harassment
80%
Chasing Wind
78%
Secluded Instinct
59%
Gazing Stars
56%
Pleading Intellect
54%
Epoch of Clouds
44%
Wandering Omen
39%
No matching quizzes found
Score Distribution
Percent of People with Each Score
Percentile by Number Answered
Your Score History
You have not taken this quiz